000 00432nam a2200181Ia 4500
008 210210b1926 xxu||||| |||| 00| 0 eng d
041 _aeng
082 _a821/487
100 _aNEWBOLT (Henry)
245 _aPattern poetry: Part II
260 _aLondon
_bThomas Nelson and Sons Limited
_c1926
650 _apoetry:
650 _aPattern
650 _aPart
650 _aII
690 _aEnglish Literature
906 _a011656
999 _c130344
_d130344